Advanced engineering mathematics (Record no. 2354)

000 -LEADER
fixed length control field 00457nam a22001937a 4500
001 - CONTROL NUMBER
control field 2354
003 - CONTROL NUMBER IDENTIFIER
control field BD-DhUET
008 - FIXED-LENGTH DATA ELEMENTS--GENERAL INFORMATION
fixed length control field 140922b xxu||||| |||| 00| 0 eng d
020 ## - INTERNATIONAL STANDARD BOOK NUMBER
International Standard Book Number 8121903459
040 ## - CATALOGING SOURCE
Transcribing agency 0
Modifying agency BD-DhUET
082 ## - DEWEY DECIMAL CLASSIFICATION NUMBER
Classification number 510
Item number DAS/2007
100 ## - MAIN ENTRY--PERSONAL NAME
Personal name Dass, H.K.
245 ## - TITLE STATEMENT
Title Advanced engineering mathematics
250 ## - EDITION STATEMENT
Edition statement 17th Rev. ed.
260 ## - PUBLICATION, DISTRIBUTION, ETC. (IMPRINT)
Place of publication, distribution, etc. Ram Nagar
Name of publisher, distributor, etc. S. Chand.
Date of publication, distribution, etc. 2007
300 ## - PHYSICAL DESCRIPTION
Extent xvi,1274p.
650 #0 - SUBJECT ADDED ENTRY--TOPICAL TERM
Topical term or geographic name as entry element Mathematics
942 ## - ADDED ENTRY ELEMENTS (KOHA)
Koha item type General Book
Holdings
Piece designation (barcode) Withdrawn status Source of classification or shelving scheme Koha out on loan Copy number Koha item type Damaged status Price effective from Koha date last seen Sublocation or collection (holding branch) Koha date last borrowed Lost status Date acquired Shelving location Koha normalized classification for sorting Not for loan Koha full call number Location (home branch) Koha issues (times borrowed)
103924   1General Book 2014-09-222023-05-06Central Library, BUET2022-11-23 2014-09-22Circulation section510DAS2007 510/DAS/2007Central Library, BUET3
103925  2026-01-272General Book 2014-09-222026-01-13Central Library, BUET2026-01-13 2014-09-22Circulation section510DAS2007 510/DAS/2007Central Library, BUET6
103927   3General Book 2014-09-222025-02-10Central Library, BUET2024-12-01 2014-09-22Circulation section510DAS2007 510/DAS/2007Central Library, BUET4
103928   4General Book 2014-09-222023-06-05Central Library, BUET2023-03-22 2014-09-22Circulation section510DAS2007 510/DAS/2007Central Library, BUET3
103929   5General Book 2014-09-222016-02-24Central Library, BUET2014-11-12 2014-09-22Circulation section510DAS2007 510/DAS/2007Central Library, BUET1
103931   7General Book 2014-09-222023-02-28Central Library, BUET2023-01-11 2014-09-22Circulation section510DAS2007 510/DAS/2007Central Library, BUET2
103930  2026-04-296General Book 2014-09-222026-04-15Central Library, BUET2026-04-15 2014-09-22Circulation section510DAS2007 510/DAS/2007Central Library, BUET3
103922   8General Book 2015-01-262019-03-31Central Library, BUET2019-01-20 2015-01-26Circulation section510_000000000000000_DAS_2007 510/DAS/2007Central Library, BUET2
103923   9General Book 2015-09-012025-04-07Central Library, BUET2025-03-02 2015-09-01Circulation section510DAS_2007_000000000000000 510DAS/2007Central Library, BUET2
103926  2024-12-0810General Book 2017-05-292024-11-24Central Library, BUET2024-11-24 2007-05-28Circulation section510_000000000000000_DAS_2007 510/DAS/2007Central Library, BUET11